| 000 | 00533nam a2200181 i 4500 | ||
|---|---|---|---|
| 001 | 129203 | ||
| 003 | ES-MaACL | ||
| 005 | 20230906193445.0 | ||
| 007 | t| | ||
| 008 | 070608s1972 xxu ||||1| spa d | ||
| 080 | _a869(729.3)-14"19" | ||
| 100 | 1 |
_aTerc, Nemén Michel. _9109731 |
|
| 245 | 1 | 0 |
_aPoemas primeros / _cMichel Terc Nemén ; prólogo de Andrés Avelino. |
| 260 |
_aMiami (Florida) : _bUniversal, _c[1972] |
||
| 300 |
_a61 p. ; _c20 cm. |
||
| 700 | 1 |
_aAvelino, Andrés. _924003 |
|
| 852 |
_aES-MaACL _jC-49592 _bR.83070 |
||
| 999 |
_c129203 _d129203 |
||